000 01042nam a2200313 i 4500
001 bg
003 BPK
005 20220609091013.0
008 981103s1986 pl a f f |001 0 pol
015 _aPB 1986/4949
020 _a8320407346
040 _aWA N
_cBPK
041 0 _apol
080 _a621.31
080 _a(075.8)
100 1 _aBernas, Stefan
_d(1919-1983)
_eAutor
245 1 0 _aSystemy elektroenergetyczne /
_cStefan Bernas.
250 _aWyd. 2.
260 _aWarszawa :
_bWydawnictwa Naukowo-Techniczne,
_c1986.
300 _a340, [3] s. :
_bfot., rys., wykr. ;
_c24 cm.
490 1 _aPodręczniki Akademickie. Elektrotechnika.
504 _aBibliogr. s. 335-336. - Indeks.
655 4 _aPodręczniki akademickie
650 4 _aElektroenergetyka
710 2 _aWydawnictwa Naukowo-Techniczne
_4pbl.
856 _uhttp://koha.tu.koszalin.pl/cgi-bin/koha/opac-detail.pl?biblionumber=2982
_yKatalog online BPK
830 0 _aPodręczniki Akademickie.
_pElektrotechnika
942 _2UKD
_cKS
999 _c2982
_d2982